| 000 | 00622nam a2200193Ia 4500 | ||
|---|---|---|---|
| 001 | 15127 | ||
| 003 | GE_BSU | ||
| 008 | 181216s||||||||xx |||||||||||||| ||und|| | ||
| 040 | _cGE_BSU | ||
| 080 | _a517 | ||
| 100 | _aБелинский,В.А. и др. | ||
| 245 | _aВысшая математика с основами математической статистики | ||
| 260 | _aМосква | ||
| 260 | _bВысшая школа | ||
| 260 | _c1965 | ||
| 300 | _a515стр.22см. | ||
| 653 | _aВысшая математика с основами математической статистики | ||
| 942 | _cBK | ||
| 999 |
_c48243 _d48243 |
||